000 00887nam a22002897a 4500
001 BR7305064
003 BR-BrBNA
005 20230928084059.0
007 ta
008 230509b bl.||||| |||| 00| 0 por d
040 _aBR-BrBNA
_bpor
_cBiblioteca Nacional de Agricultura
041 _a(Por)
072 _aL70
_b5212
090 _ 5212 BR7305064
100 1 _aKuchembuck, M.R.G.
110 1 _aUniversidade Federal de Minas Gerais, Belo Horizonte (Brasil). Escola de Veterinaria
_0Tese (Mestre em Medicina Veterinaria)
245 1 _aEmprego da acepromazina na exteriorizacao do penis de bovinos [Anestesia]
260 3 _aBelo Horizonte, MG (Brasil):
_c1971.
300 _a29 p.
500 _a26 ref.; Summary (Por)
650 _aAnestesia
650 _aAparelho reprodutor
650 _aPenis
650 _aBovino
909 _a202309
_bLucia
_c55
_dLucia Elande
942 _cBK
999 _c16750
_d16750